00475nam a2200145Ia 4500008004100000082001000041082000800051245011000059245001700169260001700186300000900203942000800212999001900220952009000239231017s9999 xx 000 0 und d a620.1 bTRU 0aLinking Laboratory and in Situ Activation Analysis of Rock-forming Elements using a 14 MeV Neutron Source 0cJerome TRUAX bJerome TRUAX c30cm cREP c603910d603910 00104070aNITbNITd2023-10-17l0o620.1 TRUpNIT-5497r2023-10-17w2023-10-17yREP